|
|
|
|
| LEADER |
00913nam a22002177a 4500 |
| 001 |
AAL8765 |
| 003 |
BD-DhAAL |
| 005 |
20171021114506.0 |
| 008 |
171021s 2002B ||||| |||| 00| 0 B d |
| 999 |
|
|
|c 38447
|d 38447
|
| 040 |
|
|
|a BD-DhAAL
|c BD-DhAAL
|
| 082 |
|
|
|a 915.49/25
|
| 100 |
|
|
|a খান, আলী আহম্মদ
|9 22545
|
| 245 |
|
|
|a সোনারগা থেকে স্মারনাথ /
|c আলী আহম্মদ খান
|
| 260 |
|
|
|a ঢাকা ;
|b রিপন পাবলিকেশন্স,
|c ২০০২
|
| 300 |
|
|
|a ১২৭ পৃ. ;
|c ২২ সে.মি.
|
| 541 |
|
|
|e ৮৭৬৫
|
| 651 |
|
|
|a Bangladesh
|x Description and trave
|9 22546
|
| 852 |
|
|
|a Savar Campus Library
|c General Shelf
|
| 942 |
|
|
|2 ddc
|c BK
|
| 952 |
|
|
|0 0
|1 0
|2 ddc
|4 0
|6 915_490000000000000_25_KHA
|7 0
|9 61614
|a SCL
|b SCL
|c GEN
|d 2017-10-21
|e Gift :
|g 100.00
|l 0
|o 915.4925 KHA
|p 3020008765
|r 2017-10-21
|t 1
|w 2017-10-21
|y BK
|